00172 a2200073 450000100060000010000160000624500470002226000290006941656 aHaheshaw S aInteresting things to do in seminars No.53 abWhitch wall printingc